Perspectives on the welfare state, (Record no. 71858)

MARC details
000 -LEADER
fixed length control field 00763cam a22002771 4500
001 - CONTROL NUMBER
control field sa 67000257
003 - CONTROL NUMBER IDENTIFIER
control field DLC
005 - DATE AND TIME OF LATEST TRANSACTION
control field 20260227112313.0
008 - FIXED-LENGTH DATA ELEMENTS--GENERAL INFORMATION
fixed length control field 771206s1966 ii b 001 0 eng
010 ## - LIBRARY OF CONGRESS CONTROL NUMBER
LC control number sa 67000257
015 ## - NATIONAL BIBLIOGRAPHY NUMBER
National bibliography number GB67-15677
025 ## - OVERSEAS ACQUISITION NUMBER
Overseas acquisition number PL480:I-E-7127
035 ## - SYSTEM CONTROL NUMBER
System control number (OCoLC)3468195
040 ## - CATALOGING SOURCE
Original cataloging agency DLC
Transcribing agency PU
Modifying agency OCoLC
-- Uk
-- DLC
042 ## - AUTHENTICATION CODE
Authentication code premarc
050 00 - LIBRARY OF CONGRESS CALL NUMBER
Classification number HB99.3
Item number .A5
082 ## - DEWEY DECIMAL CLASSIFICATION NUMBER
Classification number 330.1
100 1# - MAIN ENTRY--PERSONAL NAME
Personal name Aiyar, Sadashiv Prabhakar,
Dates associated with a name 1927-
Relator term ed.
245 10 - TITLE STATEMENT
Title Perspectives on the welfare state,
Statement of responsibility, etc. edited by S.P. Aiyar.
260 ## - PUBLICATION, DISTRIBUTION, ETC.
Place of publication, distribution, etc. Bombay,
Name of publisher, distributor, etc. Manaktalas
Date of publication, distribution, etc. [1966]
300 ## - PHYSICAL DESCRIPTION
Extent xxviii, 384 p.
Dimensions 23 cm.
504 ## - BIBLIOGRAPHY, ETC. NOTE
Bibliography, etc. note Bibliography: p. 371-378.
650 #0 - SUBJECT ADDED ENTRY--TOPICAL TERM
Topical term or geographic name entry element Welfare economics.
650 #0 - SUBJECT ADDED ENTRY--TOPICAL TERM
Topical term or geographic name entry element Economic policy.
650 #0 - SUBJECT ADDED ENTRY--TOPICAL TERM
Topical term or geographic name entry element Social policy.

No items available.

Powered by Koha